Statistics for Title in the Lyrics - Iron Maiden

Click here to take the quiz!

General Stats

  • This quiz has been taken 82 times
  • The average score is 11 of 15

Answer Stats

Lyrics % Correct
{Run} {to} {the} {hills} / run for your lives
98%
Six six six {the} {number} {of} {the} {Beast} / Hell and fire was spawned to be released
97%
Run / Live to fly / Fly to live / {Aces} {high}
94%
{Fear} {of} {the} {dark} / {fear} {of} {the} {dark} / I have a constant fear that something's always near
91%
Tell me why I had to be a {Powerslave} / I don't wanna die, I'm a God / Why can't I live on?
83%
So, understand / Don't waste your time always searching for those {wasted} {years}
80%
{Can} {I} {play} {with} {madness}? / The prophet stared at his crystal ball
74%
Oh well, wherever, wherever you are / {Iron} {Maiden}'s gonna get you, no matter how far
71%
In a foreign field he lay / Lonely soldier, unknown grave / On his dying words he prays / Tell the world of {Paschendale}
60%
Shadows in the stars / We will not return / Humanity won't save us / At the {speed} {of} {light}
58%
{Two} {minutes} {to} {midnight} / The hands that threaten doom
58%
They dared to go where no one would try / They chose to fly {where} {eagles} {dare}
58%
Brothers and their fathers joining hands and make a chain / The shadow of {the} {Wicker} {Man} is rising up again
57%
You've got to watch them / {Be} {quick} {or} {be} {dead} / Snake eyes in heaven / The thief's in your head
52%
{Murders} {in} {the} {Rue} {Morgue} / Someone call the Gendarmes
32%

Score Distribution

Percentile by Number Answered

Percent of People with Each Score

Your Score History

You have not taken this quiz